[Event "Frankfurt-ch"]
[Site "Frankfurt"]
[Date "2011.05.02"]
[Round "1"]
[White "Bender, Manfred"]
[Black "Kreiling, Carsten"]
[Result "0-1"]
[WhiteElo "1821"]
[BlackElo "2129"]
[PlyCount "70"]
[EventDate "2011.05.02"]
[EventType "swiss"]
[EventRounds "7"]
[EventCountry "GER"]
[SourceTitle "EXT 2012"]
[Source "ChessBase"]
[SourceDate "2011.11.24"]
[SourceVersion "1"]
[SourceVersionDate "2011.11.24"]
[SourceQuality "1"]

1. d4 Nf6 2. c4 c5 3. e3 g6 4. Nf3 Bg7 5. Nc3 0-0 6. Be2 cxd4 7. exd4 d5 8. Qb3 dxc4 9. Bxc4 Nc6 10. Be3 Na5 11. Qb4 Nxc4 12. Qxc4 Be6 13. Qe2 Rc8 14. Qd2 Bd5 15. Nxd5 Qxd5 16. 0-0 Ne4 17. Qb4 e6 18. Rfd1 Rc4 19. Qb3 f6 20. Rd3 Rfc8 21. Rad1 b5 22. Nd2 Nxd2 23. R3xd2 Bf8 24. a3 Bd6 25. g3 a5 26. f4 Kg7 27. Bf2 Bb8 28. Qe3 Ba7 29. Re1 R8c6 30. Qe4 Qxe4 31. Rxe4 Rd6 32. Kg2 a4 33. Rde2 Bxd4 34. Rxe6 Rxe6 35. Rxe6 Rc2 0-1

[Event "Frankfurt-ch"]
[Site "Frankfurt"]
[Date "2010.06.07"]
[Round "6"]
[White "Woehl, Torsten"]
[Black "Bender, Manfred"]
[Result "0-1"]
[WhiteElo "1216"]
[BlackElo "1821"]
[PlyCount "48"]
[EventDate "2010.04.26"]
[EventType "swiss"]
[EventRounds "7"]
[EventCountry "GER"]
[SourceTitle "EXT 2011"]
[Source "ChessBase"]
[SourceDate "2010.11.26"]
[SourceVersion "1"]
[SourceVersionDate "2010.11.26"]
[SourceQuality "1"]

1. b4 Nf6 2. Bb2 e6 3. Nf3 d5 4. a3 c5 5. b5 Nbd7 6. d4 Qa5+ 7. Bc3 Qxb5 8. e4 Qc6 9. e5 Ne4 10. a4 Nxc3 11. Nxc3 cxd4 12. Qxd4 Bc5 13. Qd3 Bb4 14. Kd2 Bxc3+ 15. Qxc3 Qxc3+ 16. Kxc3 Nc5 17. Kd4 Ne4 18. Ke3 f5 19. Bb5+ Bd7 20. Bxd7+ Kxd7 21. Rhf1 Rhc8 22. Nd4 Rc3+ 23. Ke2 Rc4 24. Kd3 Nc5+ 0-1

[Event "Frankfurt-ch"]
[Site "Frankfurt"]
[Date "2008.06.16"]
[Round "7"]
[White "Nagel, Norbert"]
[Black "Bender, Manfred"]
[Result "1/2-1/2"]
[WhiteElo "1708"]
[BlackElo "1821"]
[PlyCount "62"]
[EventDate "2008.04.28"]
[EventType "swiss"]
[EventRounds "7"]
[EventCountry "GER"]
[SourceTitle "EXT 2009"]
[Source "ChessBase"]
[SourceDate "2008.11.26"]
[SourceVersion "1"]
[SourceVersionDate "2008.11.26"]
[SourceQuality "1"]

1. g3 d5 2. b3 Nf6 3. Nf3 e6 4. Bb2 Be7 5. Bg2 Bd7 6. c4 c6 7. 0-0 Na6 8. d3 0-0 9. Nbd2 Rc8 10. Ne5 Ne8 11. Ndf3 f6 12. Nxd7 Qxd7 13. Rc1 Nd6 14. Bh3 Nf7 15. Nd4 Ng5 16. Bg2 e5 17. Nf3 Nh3+ 18. Kh1 Qf5 19. e4 dxe4 20. dxe4 Qh5 21. Nh4 Nf4 22. Qxh5 Nxh5 23. Rcd1 g6 24. Bf3 Ng7 25. Rd7 Rc7 26. Rfd1 Bc5 27. Kg1 Ne6 28. Kf1 Nd4 29. Rxc7 Nxc7 30. Bg4 Kg7 31. Nf3 Nce6 1/2-1/2

[Event "Frankfurt-ch"]
[Site "Frankfurt"]
[Date "2008.06.02"]
[Round "5"]
[White "Hausmann, Hans Ulrich"]
[Black "Bender, Manfred"]
[Result "1-0"]
[WhiteElo "1950"]
[BlackElo "1821"]
[PlyCount "111"]
[EventDate "2008.04.28"]
[EventType "swiss"]
[EventRounds "7"]
[EventCountry "GER"]
[SourceTitle "EXT 2009"]
[Source "ChessBase"]
[SourceDate "2008.11.26"]
[SourceVersion "1"]
[SourceVersionDate "2008.11.26"]
[SourceQuality "1"]

1. d4 d5 2. c4 c6 3. cxd5 cxd5 4. Nc3 Nf6 5. Nf3 Nc6 6. Bf4 a6 7. e3 e6 8. Bd3 Bd6 9. Ne5 Qc7 10. Rc1 0-0 11. 0-0 Qb8 12. Nxc6 bxc6 13. Bxd6 Qxd6 14. Na4 e5 15. dxe5 Qxe5 16. Rxc6 Bd7 17. Rxa6 Rxa6 18. Bxa6 Bxa4 19. Qxa4 Qxb2 20. Qb3 Qxb3 21. axb3 Rb8 22. Rb1 Rb4 23. Kf1 Kf8 24. Bd3 h6 25. Ke2 Ke7 26. Kd2 Ne4+ 27. Bxe4 dxe4 28. Kc3 Rb7 29. Kd4 f5 30. Rb2 Ke6 31. b4 g5 32. Kc5 f4 33. Kc6 Rb8 34. b5 Rc8+ 35. Kb7 Rd8 36. b6 Rd3 37. Rc2 fxe3 38. fxe3 Rxe3 39. Kc7 Rd3 40. b7 Rd7+ 41. Kc8 Rxb7 42. Kxb7 Kd5 43. Kc7 e3 44. Kd7 Kd4 45. Ke6 Kd3 46. Rc1 e2 47. Kf5 Kd2 48. Ra1 e1Q 49. Rxe1 Kxe1 50. g4 Kf2 51. Kg6 Kf3 52. h3 Kg3 53. Kxh6 Kf4 54. Kg6 Kg3 55. Kxg5 Kxh3 56. Kh5 1-0

[Event "Rhein Main op 10th"]
[Site "Bad Homburg"]
[Date "2007.06.09"]
[Round "6"]
[White "Van der Stap, Harry Sr"]
[Black "Bender, Manfred"]
[Result "0-1"]
[WhiteElo "1490"]
[BlackElo "1830"]
[PlyCount "60"]
[EventDate "2007.06.06"]
[EventType "swiss"]
[EventRounds "7"]
[EventCountry "GER"]
[SourceTitle "EXT 2008"]
[Source "ChessBase"]
[SourceDate "2007.11.25"]
[SourceVersion "1"]
[SourceVersionDate "2007.11.25"]
[SourceQuality "1"]

1. e4 e5 2. Nf3 Nc6 3. Bb5 a6 4. Ba4 Nf6 5. 0-0 d6 6. Re1 Bd7 7. h3 Be7 8. c3 0-0 9. d4 exd4 10. cxd4 Re8 11. Nc3 Na5 12. e5 Nh5 13. g4 b5 14. Bc2 dxe5 15. dxe5 Qc8 16. Qd3 g6 17. gxh5 Bxh3 18. e6 Bxe6 19. hxg6 hxg6 20. Nd5 Bxd5 21. Qxd5 Qg4+ 22. Kf1 Qh3+ 23. Kg1 Rad8 24. Qe5 Bd6 25. Qxe8+ Rxe8 26. Rxe8+ Kg7 27. Be4 Qd7 28. Ra8 Qg4+ 29. Kf1 Qxe4 30. Be3 Qxa8 0-1

[Event "Rhein Main op 10th"]
[Site "Bad Homburg"]
[Date "2007.06.07"]
[Round "2"]
[White "Witt, Holger"]
[Black "Bender, Manfred"]
[Result "1/2-1/2"]
[WhiteElo "1441"]
[BlackElo "1830"]
[PlyCount "72"]
[EventDate "2007.06.06"]
[EventType "swiss"]
[EventRounds "7"]
[EventCountry "GER"]
[SourceTitle "EXT 2008"]
[Source "ChessBase"]
[SourceDate "2007.11.25"]
[SourceVersion "1"]
[SourceVersionDate "2007.11.25"]
[SourceQuality "1"]

1. e4 e5 2. Nf3 Nc6 3. Bb5 a6 4. Bxc6 dxc6 5. 0-0 Bd6 6. d4 Bg4 7. dxe5 Bxf3 8. Qxf3 Bxe5 9. Nc3 Qf6 10. Qxf6 Nxf6 11. Re1 0-0-0 12. Bg5 Rd7 13. f3 Re8 14. Red1 Bd4+ 15. Kf1 Re6 16. Rd3 Be5 17. h3 Rxd3 18. cxd3 Nd7 19. Be3 Bxc3 20. bxc3 f5 21. Bd4 fxe4 22. dxe4 g6 23. Rd1 Rd6 24. Ke2 c5 25. Bf2 b5 26. Bg3 Rxd1 27. Kxd1 c4 28. Kd2 Nc5 29. Bf2 Ne6 30. Be3 Kd7 31. f4 Kd6 32. g4 c5 33. f5 Nf8 34. Bf4+ Ke7 35. Bg5+ Kd6 36. Bf4+ Ke7 1/2-1/2

[Event "Frankfurt-ch"]
[Site "Frankfurt"]
[Date "2007.04.30"]
[Round "1"]
[White "Rubel, Julian"]
[Black "Bender, Manfred"]
[Result "1/2-1/2"]
[WhiteElo "2125"]
[BlackElo "1830"]
[PlyCount "78"]
[EventDate "2007.04.30"]
[EventType "swiss"]
[EventRounds "7"]
[EventCountry "GER"]
[SourceTitle "EXT 2008"]
[Source "ChessBase"]
[SourceDate "2007.11.25"]
[SourceVersion "1"]
[SourceVersionDate "2007.11.25"]
[SourceQuality "1"]

1. c4 c5 2. g3 Nc6 3. Bg2 e6 4. Nc3 Nf6 5. Nf3 d5 6. cxd5 exd5 7. d4 Be6 8. 0-0 cxd4 9. Nxd4 Bc5 10. Be3 Bxd4 11. Bxd4 Nxd4 12. Qxd4 0-0 13. Rfd1 Qa5 14. Rd2 Rfe8 15. Rad1 b6 16. b4 Qa6 17. Nxd5 Bxd5 18. Bxd5 Nxd5 19. Qxd5 Rac8 20. b5 Qa4 21. Rd4 Qc2 22. R1d2 Qb1+ 23. Rd1 Qc2 24. R4d2 Qc5 25. Qd7 Qc7 26. Qf5 g6 27. Qf3 Re7 28. h4 h5 29. Rd5 Qc2 30. R1d2 Qb1+ 31. Kg2 Rc1 32. Rd8+ Kg7 33. Qd5 Rg1+ 34. Kf3 Qf1 35. Qd4+ f6 36. Rd7 Rxg3+ 37. Kxg3 Qg1+ 38. Kf3 Qh1+ 39. Kg3 Qg1+ 1/2-1/2

[Event "Rhein Main op 09th"]
[Site "Bad Homburg"]
[Date "2006.06.15"]
[Round "3.19"]
[White "Zoeller, Thomas"]
[Black "Bender, Manfred"]
[Result "1/2-1/2"]
[WhiteElo "2082"]
[BlackElo "1816"]
[PlyCount "53"]
[EventDate "2006.06.14"]
[EventType "swiss"]
[EventRounds "7"]
[EventCountry "GER"]
[SourceTitle "EXT 2007"]
[Source "ChessBase"]
[SourceDate "2006.11.23"]
[SourceVersion "1"]
[SourceVersionDate "2006.11.23"]
[SourceQuality "1"]

1. d4 d5 2. c4 c6 3. Nf3 Nf6 4. Nc3 e6 5. e3 Nbd7 6. Qc2 Bd6 7. g4 dxc4 8. Bxc4 Nb6 9. Bd3 Qe7 10. g5 Nfd5 11. a3 e5 12. Ne4 exd4 13. Nxd6+ Qxd6 14. Nxd4 g6 15. Bd2 Bd7 16. 0-0-0 0-0-0 17. Nb5 Qe7 18. e4 Nc7 19. Nxc7 Kxc7 20. a4 Kb8 21. a5 Nc8 22. h4 Bg4 23. Rde1 Rhe8 24. Rhg1 Be6 25. Rg3 Qd6 26. Qa4 Qc5+ 27. Qc2 1/2-1/2

[Event "Frankfurt-ch"]
[Site "Frankfurt"]
[Date "2006.05.22"]
[Round "5"]
[White "Bender, Manfred"]
[Black "Fischer, Arthur"]
[Result "0-1"]
[WhiteElo "1739"]
[BlackElo "1858"]
[PlyCount "80"]
[EventDate "2006.04.24"]
[EventType "swiss"]
[EventRounds "7"]
[EventCountry "GER"]
[SourceTitle "EXT 2007"]
[Source "ChessBase"]
[SourceDate "2006.11.23"]
[SourceVersion "1"]
[SourceVersionDate "2006.11.23"]
[SourceQuality "1"]

1. e4 e6 2. Nf3 d5 3. exd5 exd5 4. d4 Bd6 5. Be3 Bg4 6. Be2 Nc6 7. 0-0 Nge7 8. Ne1 Bxe2 9. Qxe2 0-0 10. c3 Nf5 11. Nf3 Re8 12. Qd3 Nxe3 13. fxe3 Re6 14. Nbd2 Qe7 15. Qf5 Rf6 16. Qxd5 Qxe3+ 17. Kh1 Qd3 18. Qe4 Rxf3 19. Rxf3 Qxd2 20. Raf1 Qh6 21. h3 Rf8 22. c4 Qe6 23. Qd3 Nd8 24. Re3 Qd7 25. a3 c6 26. Qe2 Ne6 27. Qg4 Bc7 28. Rd1 Qd6 29. g3 Rd8 30. Kg2 h6 31. d5 Ng5 32. h4 Nh7 33. Qe4 Bb6 34. Re2 Nf6 35. Qe5 Qxe5 36. Rxe5 Ng4 37. b4 Nxe5 38. c5 Rxd5 39. Rxd5 cxd5 40. cxb6 axb6 0-1

[Event "Frankfurt-ch"]
[Site "Frankfurt"]
[Date "2006.05.15"]
[Round "4"]
[White "Voelker, Sebastian"]
[Black "Bender, Manfred"]
[Result "1-0"]
[WhiteElo "1992"]
[BlackElo "1739"]
[PlyCount "103"]
[EventDate "2006.04.24"]
[EventType "swiss"]
[EventRounds "7"]
[EventCountry "GER"]
[SourceTitle "EXT 2007"]
[Source "ChessBase"]
[SourceDate "2006.11.23"]
[SourceVersion "1"]
[SourceVersionDate "2006.11.23"]
[SourceQuality "1"]

1. e4 e5 2. Nf3 Nc6 3. Bb5 d6 4. h3 Bd7 5. 0-0 Nf6 6. Re1 Be7 7. c3 0-0 8. d3 Qe8 9. Nbd2 Nd8 10. Bxd7 Nxd7 11. Nf1 Nc5 12. Ng3 Qb5 13. Re3 Re8 14. b4 Qa4 15. Bb2 Qxd1+ 16. Rxd1 Nce6 17. d4 Ng5 18. Nh2 f6 19. d5 b5 20. Rc1 c6 21. c4 bxc4 22. Rxc4 cxd5 23. exd5 Rb8 24. Ra3 Rb7 25. Nf5 g6 26. Ne3 f5 27. Ra6 Ne4 28. Nd1 Nf7 29. a4 Reb8 30. Ba3 Nf6 31. Nc3 Bd8 32. Nf3 Ne8 33. b5 Bb6 34. a5 Nc7 35. axb6 Nxa6 36. bxa7 Rxa7 37. bxa6 Rxa6 38. Bc1 Ra1 39. Ne2 Rb2 40. Kf1 Rb5 41. g4 Rxd5 42. Rc8+ Kg7 43. Rc7 Kf6 44. Kg2 f4 45. Bb2 Ra2 46. Nc3 Rxb2 47. Nxd5+ Ke6 48. Nc3 Rb3 49. Nd2 Rb2 50. Nc4 Rb4 51. Na5 Ng5 52. Nc6 1-0

[Event "Frankfurt-ch"]
[Site "Frankfurt"]
[Date "2006.05.02"]
[Round "2"]
[White "Ortiz Rodriguez, Jose"]
[Black "Bender, Manfred"]
[Result "0-1"]
[WhiteElo "1301"]
[BlackElo "1739"]
[PlyCount "68"]
[EventDate "2006.04.24"]
[EventType "swiss"]
[EventRounds "7"]
[EventCountry "GER"]
[SourceTitle "EXT 2007"]
[Source "ChessBase"]
[SourceDate "2006.11.23"]
[SourceVersion "1"]
[SourceVersionDate "2006.11.23"]
[SourceQuality "1"]

1. e4 c5 2. Nc3 Nc6 3. Nf3 d6 4. Bc4 e6 5. 0-0 a6 6. a3 b5 7. Be2 Bb7 8. d3 Be7 9. Be3 Nf6 10. d4 cxd4 11. Nxd4 0-0 12. Bf3 Ne5 13. b3 Rc8 14. Bd2 Qb6 15. Be1 Rfd8 16. a4 b4 17. Na2 a5 18. c3 d5 19. exd5 Nxd5 20. c4 Nxf3+ 21. Nxf3 Ne3 22. Qe2 Nxf1 23. Kxf1 Qd6 24. Kg1 Qd3 25. Qxd3 Rxd3 26. Ne5 Rxb3 27. Nc1 Rb2 28. Ncd3 Rc2 29. Nf4 Bf6 30. Nfd3 Ba6 31. Rd1 Bxc4 32. Nxc4 R2xc4 33. g3 Rd4 34. Kg2 Rcd8 0-1

[Event "Frankfurt-ch"]
[Site "Frankfurt"]
[Date "2006.04.24"]
[Round "1"]
[White "Bender, Manfred"]
[Black "Uwira, Oliver"]
[Result "0-1"]
[WhiteElo "1739"]
[BlackElo "2169"]
[PlyCount "62"]
[EventDate "2006.04.24"]
[EventType "swiss"]
[EventRounds "7"]
[EventCountry "GER"]
[SourceTitle "EXT 2007"]
[Source "ChessBase"]
[SourceDate "2006.11.23"]
[SourceVersion "1"]
[SourceVersionDate "2006.11.23"]
[SourceQuality "1"]

1. d4 d5 2. c4 Nc6 3. Nf3 Bg4 4. e3 e5 5. dxe5 dxc4 6. Be2 Qxd1+ 7. Bxd1 0-0-0 8. 0-0 Bxf3 9. Bxf3 Nxe5 10. Be2 Bb4 11. b3 cxb3 12. axb3 Nc6 13. Bb2 f6 14. Bc3 Bxc3 15. Nxc3 Kb8 16. Bf3 Nge7 17. Na4 b6 18. Rfc1 Ne5 19. Be2 Rd2 20. Kf1 Rhd8 21. h3 Nd5 22. Nc3 Nxc3 23. Rxc3 Rb2 24. f4 Rdd2 25. Bb5 Nf7 26. Rac1 c5 27. Bc6 Nd6 28. Bf3 Nf5 29. Ke1 Nh4 30. b4 Nxf3+ 31. gxf3 Rh2 0-1

[Event "Hessen-chB"]
[Site "Marburg"]
[Date "2006.04.14"]
[Round "6.10"]
[White "Bender, Manfred"]
[Black "Baumhackel, Mario"]
[Result "0-1"]
[WhiteElo "1816"]
[BlackElo "2176"]
[PlyCount "72"]
[EventDate "2006.04.13"]
[EventType "swiss"]
[EventRounds "7"]
[EventCountry "GER"]
[SourceTitle "EXT 2007"]
[Source "ChessBase"]
[SourceDate "2006.11.23"]
[SourceVersion "1"]
[SourceVersionDate "2006.11.23"]
[SourceQuality "1"]

1. d4 d5 2. c4 dxc4 3. Nc3 Nf6 4. e3 e6 5. Bxc4 Be7 6. Nf3 Nbd7 7. 0-0 0-0 8. Bd2 a6 9. e4 b5 10. Bd3 Bb7 11. a3 Nc5 12. Bxb5 Ncxe4 13. Be2 Nxd2 14. Qxd2 Qd6 15. h3 Rfd8 16. Rfd1 Rab8 17. Qc2 Qf4 18. Qd2 Qd6 19. Qc2 Nh5 20. Ne5 Nf4 21. Bf3 Bxf3 22. Nxf3 Qc6 23. Rac1 Nxh3+ 24. Kf1 Nf4 25. Qa4 Qb7 26. Qc4 Bd6 27. b4 h6 28. d5 e5 29. g3 Ng6 30. Qg4 a5 31. bxa5 Bxa3 32. Ra1 Bb2 33. a6 Qa7 34. Qc4 Bxa1 35. Rxa1 Rb2 36. Ra2 Qxf2# 0-1

[Event "Rhein Main op 08th"]
[Site "Bad Homburg"]
[Date "2005.05.26"]
[Round "3"]
[White "Bender, Manfred"]
[Black "Ploetz, Hans Juergen"]
[Result "1-0"]
[WhiteElo "1810"]
[BlackElo "1335"]
[PlyCount "55"]
[EventDate "2005.05.25"]
[EventType "swiss"]
[EventRounds "7"]
[EventCountry "GER"]
[SourceTitle "EXT 2006"]
[Source "ChessBase"]
[SourceDate "2005.11.24"]
[SourceVersion "1"]
[SourceVersionDate "2005.11.24"]
[SourceQuality "1"]

1. d4 Nf6 2. c4 g6 3. Nc3 Bg7 4. e4 d6 5. f4 0-0 6. Nf3 Nbd7 7. Be2 Ng4 8. h3 Nh6 9. 0-0 e5 10. fxe5 dxe5 11. dxe5 Qe7 12. Nd5 Qd8 13. Bg5 f6 14. exf6 Nxf6 15. Nxf6+ Bxf6 16. Qxd8 Bxd8 17. Bxh6 Re8 18. Ne5 Be7 19. Nd3 Be6 20. Rac1 Rad8 21. Nf4 Bc5+ 22. Kh1 Bf7 23. Bf3 Rd2 24. Nd5 Rxb2 25. Nf6+ Kh8 26. Nxe8 Bxe8 27. Rcd1 Be7 28. Bg4 1-0

[Event "Rhein Main op 08th"]
[Site "Bad Homburg"]
[Date "2005.05.26"]
[Round "2"]
[White "Khalat, David"]
[Black "Bender, Manfred"]
[Result "1/2-1/2"]
[WhiteElo "1526"]
[BlackElo "1810"]
[PlyCount "74"]
[EventDate "2005.05.25"]
[EventType "swiss"]
[EventRounds "7"]
[EventCountry "GER"]
[SourceTitle "EXT 2006"]
[Source "ChessBase"]
[SourceDate "2005.11.24"]
[SourceVersion "1"]
[SourceVersionDate "2005.11.24"]
[SourceQuality "1"]

1. e4 e6 2. d4 d5 3. exd5 exd5 4. Bd3 Bd6 5. Ne2 Ne7 6. Bf4 0-0 7. 0-0 Bg4 8. Bxd6 Qxd6 9. c3 Nd7 10. Qc2 Qh6 11. Nd2 Nf6 12. Ng3 Nh5 13. Rae1 Rae8 14. Nxh5 Qxh5 15. Re5 Qh6 16. Rfe1 Be6 17. Nf3 Nc6 18. R5e3 Bd7 19. Ne5 Nxe5 20. dxe5 g6 21. Qb3 Be6 22. Qxb7 Rb8 23. Qxa7 Rxb2 24. a4 Qf4 25. Rf3 Qd2 26. Qe3 Qxc3 27. Rc1 Qa5 28. Bb5 c6 29. Rxc6 Bd7 30. Rc1 Bxb5 31. axb5 Qxb5 32. Qh6 Qe2 33. Qf4 Rc2 34. Rb1 Rd2 35. h3 Rd1+ 36. Rxd1 Qxd1+ 37. Kh2 Qe2 1/2-1/2

[Event "Rhein Main op 08th"]
[Site "Bad Homburg"]
[Date "2005.05.25"]
[Round "1"]
[White "Bender, Manfred"]
[Black "Uwira, Oliver"]
[Result "0-1"]
[WhiteElo "1810"]
[BlackElo "2224"]
[PlyCount "62"]
[EventDate "2005.05.25"]
[EventType "swiss"]
[EventRounds "7"]
[EventCountry "GER"]
[SourceTitle "EXT 2006"]
[Source "ChessBase"]
[SourceDate "2005.11.24"]
[SourceVersion "1"]
[SourceVersionDate "2005.11.24"]
[SourceQuality "1"]

1. d4 d5 2. c4 Nc6 3. Nf3 Bg4 4. e3 e6 5. Be2 Nf6 6. Nc3 Bb4 7. 0-0 0-0 8. a3 Bxc3 9. bxc3 Ne4 10. Qc2 Re8 11. cxd5 exd5 12. Bb2 Na5 13. Ne5 Bxe2 14. Qxe2 f6 15. f3 Nd6 16. Nd3 Nac4 17. e4 dxe4 18. fxe4 Rxe4 19. Qh5 Qe8 20. Qd5+ Qe6 21. Qc5 Nxb2 22. Nxb2 Re2 23. Nd1 Re8 24. Nf2 Ne4 25. Nxe4 Qxe4 26. Qc4+ Kh8 27. Rf2 Rxf2 28. Kxf2 Qe3+ 29. Kf1 Re4 30. g3 Qf3+ 31. Kg1 Re2 0-1

[Event "Rhein Main op 07th"]
[Site "Bad Homburg"]
[Date "2004.06.13"]
[Round "7.49"]
[White "Bender, Manfred"]
[Black "Haun, Klaus"]
[Result "0-1"]
[WhiteElo "1668"]
[BlackElo "1573"]
[PlyCount "58"]
[EventDate "2004.06.09"]
[EventType "swiss"]
[EventRounds "7"]
[EventCountry "GER"]
[SourceTitle "CBM 100 Extra"]
[Source "ChessBase"]
[SourceDate "2004.07.06"]
[SourceVersion "2"]
[SourceVersionDate "2004.07.06"]
[SourceQuality "1"]

1. g3 d5 2. Bg2 e5 3. d3 Nf6 4. Bg5 Be7 5. Nd2 Nbd7 6. e4 c6 7. Ne2 Qb6 8. 0-0 Qxb2 9. exd5 cxd5 10. c4 d4 11. Rb1 Qxa2 12. Ra1 Qb2 13. Nb3 Nc5 14. Nec1 Nxb3 15. Nxb3 Bf5 16. Re1 Nd7 17. Bxe7 Kxe7 18. Bd5 Qc3 19. Rc1 Qxd3 20. Nxd4 Bg6 21. Qg4 Rab8 22. Red1 Qa3 23. Nb5 Qc5 24. Bxf7 Kxf7 25. Rxd7+ Kf8 26. Nd6 Qc6 27. Qe6 Re8 28. Rf7+ Kg8 29. Rf4+ Rxe6 0-1